[Event "DVM U16 2014"]
[Site "Magdeburg GER"]
[Date "2014.12.29"]
[Round "5"]
[White "Rieper, Julian"]
[Black "Lückerath, Moritz"]
[Result "0-1"]
[Termination "normal"]
[Board "2.4"]
[WhiteElo "1711"]
[BlackElo "1713"]
[WhiteTeam "SK Doppelbauer Kiel"]
[BlackTeam "Düsseldorfer SK"]
[PlyCount "118"]
[WhiteFideId "12936960"]
[BlackFideId "12954810"]
[EventCountry "GER"]
[EventRounds "7"]
[EventType "team-swiss"]
[EventDate "2014.12.26"]

1. e4 c5 2. Nf3 e6 3. d4 cxd4 4. Nxd4 a6 5. c4 Nf6 6. Nc3 d6 7. Be2 Be7 8. O-O
O-O 9. Be3 b6 10. f4 Qc7 11. Qd3 Bb7 12. b3 Nbd7 13. Bf3 Rac8 14. Rac1 Qb8 15.
Nde2 Bd8 16. Ng3 Bc7 17. Rfd1 Rfd8 18. Qe2 Ba8 19. Kh1 Nf8 20. h4 Ng6 21. Nh5
Nxh5 22. Bxh5 Nxh4 23. Qg4 Ng6 24. Rf1 d5 25. f5 Ne5 26. Qh3 d4 27. fxe6 dxe3
28. Bxf7+ Nxf7 29. exf7+ Kh8 30. Qxe3 Be5 31. Nd5 Bxd5 32. cxd5 Rxc1 33. Qxc1
Qd6 34. Rf5 Rf8 35. Qg5 Bf6 36. Qf4 Qxf4 37. Rxf4 Bd4 38. d6 Be5 39. Rf5 Bxd6
40. Rd5 Be7 41. Rd7 Rxf7 42. e5 Kg8 43. Rb7 Rf1+ 44. Kh2 Bc5 45. e6 Kf8 46. b4
Bxb4 47. Rxb6 a5 48. Ra6 Ke7 49. Ra7+ Kxe6 50. Rxg7 h5 51. Rg5 Bd6+ 52. g3 h4
53. Rxa5 hxg3+ 54. Kg2 Rf2+ 55. Kg1 Be5 56. Ra8 Bd4 57. Re8+ Kd5 58. Re1 Rh2+
59. Kf1 g2+ 0-1

[Event "DVM U16 2014"]
[Site "Magdeburg GER"]
[Date "2014.12.29"]
[Round "5"]
[White "Kololli, Martin"]
[Black "Donath, Johann"]
[Result "1-0"]
[Termination "normal"]
[Board "3.2"]
[WhiteElo "2136"]
[BlackElo "2065"]
[WhiteTeam "Lübecker SV"]
[BlackTeam "BSV 63 Chemie Weißensee"]
[PlyCount "45"]
[WhiteFideId "12936910"]
[BlackFideId "24685160"]
[EventCountry "GER"]
[EventRounds "7"]
[EventType "team-swiss"]
[EventDate "2014.12.26"]

1. e4 e5 2. Nf3 Nc6 3. Bb5 a6 4. Ba4 Nf6 5. O-O Be7 6. Re1 b5 7. Bb3 d6 8. c3
O-O 9. h3 Na5 10. Bc2 c5 11. d4 Nd7 12. Nbd2 exd4 13. cxd4 Nc6 14. d5 Nce5 15.
Nxe5 Nxe5 16. a4 Bb7 17. f4 Nd7 18. Nf3 Re8 19. e5 Nb6 20. e6 fxe6 21. dxe6 Rf8
22. Ng5 h6 23. Qd3 1-0

[Event "DVM U16 2014"]
[Site "Magdeburg GER"]
[Date "2014.12.29"]
[Round "5"]
[White "Tiedemann, Fin Niklas"]
[Black "Fege, Julian"]
[Result "1-0"]
[Termination "normal"]
[Board "3.4"]
[WhiteElo "1709"]
[BlackElo "1737"]
[WhiteTeam "Lübecker SV"]
[BlackTeam "BSV 63 Chemie Weißensee"]
[PlyCount "29"]
[WhiteFideId "12936936"]
[BlackFideId "24699551"]
[EventCountry "GER"]
[EventRounds "7"]
[EventType "team-swiss"]
[EventDate "2014.12.26"]

1. e4 c5 2. Nc3 d6 3. g3 Nc6 4. Bg2 g6 5. d3 Bg7 6. Be3 e6 7. Qd2 Nge7 8. Bh6
O-O 9. h4 Ne5 10. Bxg7 Kxg7 11. h5 Ng4 12. Qg5 Nf6 13. h6+ Kg8 14. Qxf6 Nf5 15.
Qxd8 1-0

[Event "DVM U16 2014"]
[Site "Magdeburg GER"]
[Date "2014.12.29"]
[Round "5"]
[White "Soos, Philipp"]
[Black "Leeb, Simon"]
[Result "1-0"]
[Termination "normal"]
[Board "4.3"]
[WhiteElo "1700"]
[BlackElo "2000"]
[WhiteTeam "SV Backnang"]
[BlackTeam "SK München Südost"]
[PlyCount "81"]
[WhiteFideId "12943967"]
[BlackFideId "12924768"]
[EventCountry "GER"]
[EventRounds "7"]
[EventType "team-swiss"]
[EventDate "2014.12.26"]

1. e4 c5 2. Nf3 Nc6 3. d4 cxd4 4. Nxd4 Nf6 5. Nc3 e5 6. Nb3 Bb4 7. a3 Bxc3+ 8.
bxc3 Nxe4 9. Qg4 d5 10. Qxg7 Qf6 11. Qxf6 Nxf6 12. f3 b6 13. Bb5 Bd7 14. Bg5
Nh5 15. g4 Ng7 16. O-O-O Ne7 17. Bxe7 Kxe7 18. Rxd5 Be6 19. Rxe5 Rac8 20. Kb2
Rc7 21. Nd4 Kf6 22. Rhe1 Rhc8 23. Ba6 Rb8 24. g5+ Ke7 25. f4 Rc5 26. f5 Rxe5
27. Rxe5 Kd6 28. fxe6 Kxe5 29. Nc6+ Kxe6 30. Nxb8 Kd6 31. Bd3 Ne6 32. h4 Nf8
33. Kb3 a5 34. Ka4 Kc7 35. Na6+ Kb7 36. Kb5 Ne6 37. Bxh7 Ka7 38. Bg8 Nd8 39. h5
Nb7 40. h6 Nd6+ 41. Kc6 1-0

[Event "DVM U16 2014"]
[Site "Magdeburg GER"]
[Date "2014.12.29"]
[Round "5"]
[White "Huber, Benedikt"]
[Black "Maier, Lukas"]
[Result "0-1"]
[Termination "normal"]
[Board "4.4"]
[WhiteElo "1798"]
[BlackElo "1641"]
[WhiteTeam "SK München Südost"]
[BlackTeam "SV Backnang"]
[PlyCount "80"]
[WhiteFideId "12923583"]
[BlackFideId "12946184"]
[EventCountry "GER"]
[EventRounds "7"]
[EventType "team-swiss"]
[EventDate "2014.12.26"]

1. d4 d5 2. Bf4 Nf6 3. e3 e6 4. Nf3 Nbd7 5. Bd3 c5 6. Nc3 a6 7. O-O Be7 8. Re1
b5 9. h3 Bb7 10. a3 Rc8 11. Qd2 O-O 12. dxc5 Nxc5 13. Rad1 Qb6 14. Be5 Ncd7 15.
Bd4 Qc7 16. e4 dxe4 17. Nxe4 Rfd8 18. c3 e5 19. Bxe5 Nxe5 20. Nxe5 Qxe5 21. Ng5
Qc7 22. Qe3 Bc5 23. Qe2 h6 24. Ne4 Nxe4 25. Bxe4 Bxe4 26. Qxe4 Rxd1 27. Rxd1
Rd8 28. Re1 Qd6 29. b4 Ba7 30. Qb7 Qb6 31. Qf3 Kf8 32. Qe2 Qf6 33. Qc2 g6 34.
Kf1 Kg7 35. Re2 Rc8 36. Qd2 Rxc3 37. Qb2 Bd4 38. Re1 Rxh3 39. Qc2 Rh1+ 40. Ke2
Qe5+ 0-1

[Event "DVM U16 2014"]
[Site "Magdeburg GER"]
[Date "2014.12.29"]
[Round "5"]
[White "Peczely, Sebastian Zsombor"]
[Black "Geue, Niklas"]
[Result "1-0"]
[Termination "normal"]
[Board "5.1"]
[WhiteElo "2197"]
[BlackElo "1896"]
[WhiteTeam "Schachgemeinschaft Leipzig"]
[BlackTeam "USC Magdeburg"]
[PlyCount "51"]
[WhiteFideId "750964"]
[BlackFideId "12961043"]
[EventCountry "GER"]
[EventRounds "7"]
[EventType "team-swiss"]
[EventDate "2014.12.26"]

1. Nf3 Nf6 2. g3 g6 3. Bg2 Bg7 4. O-O O-O 5. c4 c5 6. d4 cxd4 7. Nxd4 Nc6 8.
Nc3 Nxd4 9. Qxd4 d6 10. Qd3 a6 11. b3 Bf5 12. Qe3 Rb8 13. Bb2 b5 14. cxb5 axb5
15. Rfd1 Qd7 16. Qd2 Rfc8 17. Rac1 Qa7 18. h3 Bd7 19. e4 b4 20. Nd5 Nxd5 21.
Bxg7 Kxg7 22. exd5 Rxc1 23. Rxc1 Rc8 24. Rxc8 Bxc8 25. Qxb4 Qxa2 26. Qc3+ 1-0

[Event "DVM U16 2014"]
[Site "Magdeburg GER"]
[Date "2014.12.29"]
[Round "5"]
[White "Fahsel, Nico"]
[Black "Richter, Leonard"]
[Result "0-1"]
[Termination "normal"]
[Board "5.2"]
[WhiteElo "1810"]
[BlackElo "2113"]
[WhiteTeam "USC Magdeburg"]
[BlackTeam "Schachgemeinschaft Leipzig"]
[PlyCount "52"]
[WhiteFideId "1270256"]
[BlackFideId "12900290"]
[EventCountry "GER"]
[EventRounds "7"]
[EventType "team-swiss"]
[EventDate "2014.12.26"]

1. e4 c5 2. Nf3 d6 3. d4 cxd4 4. Nxd4 Nf6 5. Nc3 a6 6. Be2 e5 7. Nb3 Be7 8. O-O
O-O 9. a4 Nbd7 10. Re1 b6 11. f4 Bb7 12. Bc4 Qc7 13. Qe2 Rfc8 14. Bd3 Re8 15.
g4 d5 16. f5 Bb4 17. Rd1 Bxc3 18. bxc3 dxe4 19. Bc4 Rec8 20. Nd2 Qc5+ 21. Kf1
e3 22. Ba3 Qc6 23. Qxe3 Qg2+ 24. Ke1 Nxg4 25. Qe2 Qg1+ 26. Nf1 Rxc4 0-1

[Event "DVM U16 2014"]
[Site "Magdeburg GER"]
[Date "2014.12.29"]
[Round "5"]
[White "Kreyssig, Bruno"]
[Black "Wagner, Dominik"]
[Result "1-0"]
[Termination "normal"]
[Board "5.3"]
[WhiteElo "1899"]
[BlackElo "1833"]
[WhiteTeam "Schachgemeinschaft Leipzig"]
[BlackTeam "USC Magdeburg"]
[PlyCount "53"]
[WhiteFideId "4692489"]
[BlackFideId "12957380"]
[EventCountry "GER"]
[EventRounds "7"]
[EventType "team-swiss"]
[EventDate "2014.12.26"]

1. e4 e5 2. Nf3 Nc6 3. Bc4 Bc5 4. b4 Bxb4 5. c3 Ba5 6. d4 exd4 7. O-O Nge7 8.
Ng5 d5 9. exd5 Ne5 10. Bb3 f6 11. cxd4 N5g6 12. d6 fxg5 13. dxe7 Qxe7 14. Ba3
Qf6 15. Qe2+ Kd8 16. Qb5 Bb6 17. Nc3 c6 18. Qc4 Bd7 19. Rad1 Qf4 20. Rfe1 h5
21. Ne4 Bc7 22. g3 Qg4 23. Qf7 Nh4 24. Nxg5 Kc8 25. Be7 Nf5 26. Re4 Nh6 27.
Qxg7 1-0

[Event "DVM U16 2014"]
[Site "Magdeburg GER"]
[Date "2014.12.29"]
[Round "5"]
[White "Wagner, Benjamin"]
[Black "Hofmann, Timo"]
[Result "1/2-1/2"]
[Termination "normal"]
[Board "5.4"]
[WhiteElo "1652"]
[BlackElo "1716"]
[WhiteTeam "USC Magdeburg"]
[BlackTeam "Schachgemeinschaft Leipzig"]
[PlyCount "52"]
[WhiteFideId "12957330"]
[BlackFideId "12946044"]
[EventCountry "GER"]
[EventRounds "7"]
[EventType "team-swiss"]
[EventDate "2014.12.26"]

1. e4 e6 2. d4 d5 3. Nc3 Bb4 4. e5 Ne7 5. Bd2 b6 6. Qg4 O-O 7. Nf3 Bxc3 8. bxc3
Ba6 9. Bxa6 Nxa6 10. O-O c5 11. Bg5 Qd7 12. Nh4 Ng6 13. f4 Nc7 14. Rf3 h6 15.
Nxg6 fxg6 16. Bh4 Qf7 17. a4 Qf5 18. Qxf5 gxf5 19. Be7 Rf7 20. Bd6 c4 21. Rg3
Kh7 22. h4 h5 23. Kf2 Ne8 24. Bb4 Rb7 25. Rh3 g6 26. Ke2 a5 1/2-1/2

[Event "DVM U16 2014"]
[Site "Magdeburg GER"]
[Date "2014.12.29"]
[Round "5"]
[White "Schulte, Felix"]
[Black "Sabirov, Ramil"]
[Result "0-1"]
[Termination "normal"]
[Board "6.1"]
[WhiteElo "1778"]
[BlackElo "1922"]
[WhiteTeam "USV Halle"]
[BlackTeam "SG Porz"]
[PlyCount "44"]
[WhiteFideId "12914800"]
[BlackFideId "12900303"]
[EventCountry "GER"]
[EventRounds "7"]
[EventType "team-swiss"]
[EventDate "2014.12.26"]

1. e4 c5 2. Nf3 Nc6 3. d4 cxd4 4. Nxd4 Qb6 5. Nb3 Nf6 6. Nc3 e6 7. Bd3 Be7 8.
O-O d6 9. Kh1 O-O 10. f4 a6 11. Qf3 Qc7 12. Bd2 b5 13. Rae1 Bb7 14. Qh3 b4 15.
e5 dxe5 16. fxe5 Nxe5 17. Bf4 Bd6 18. Bxe5 Bxe5 19. Rxf6 g6 20. Ne4 Bxe4 21.
Bxe4 Bxf6 22. Qf3 Qe5 0-1

[Event "DVM U16 2014"]
[Site "Magdeburg GER"]
[Date "2014.12.29"]
[Round "5"]
[White "Brungs, Sven"]
[Black "Altstadt, Karl-Simon"]
[Result "1/2-1/2"]
[Termination "normal"]
[Board "6.2"]
[WhiteElo "1891"]
[BlackElo "1915"]
[WhiteTeam "SG Porz"]
[BlackTeam "USV Halle"]
[PlyCount "88"]
[WhiteFideId "12946257"]
[BlackFideId "24696676"]
[EventCountry "GER"]
[EventRounds "7"]
[EventType "team-swiss"]
[EventDate "2014.12.26"]

1. d4 Nf6 2. Nf3 c5 3. dxc5 Na6 4. Nc3 Nxc5 5. g3 d6 6. Bg2 e6 7. O-O Be7 8. b3
O-O 9. Bb2 Bd7 10. e3 Rc8 11. Nd2 d5 12. Nf3 Qc7 13. Rc1 Rfd8 14. Re1 Be8 15.
Bh3 Nce4 16. Ne2 Qa5 17. a3 Kh8 18. b4 Qb6 19. c3 Qa6 20. Ned4 Nd6 21. Nd2 Nfe4
22. Nxe4 Nxe4 23. Bf1 Qb6 24. Qc2 Nd6 25. Ba1 e5 26. Nf3 Bf6 27. Qa2 Bc6 28. a4
a6 29. a5 Qc7 30. Nd2 Qd7 31. Red1 Qf5 32. Bg2 e4 33. Nb3 Bb5 34. Bf1 Bxf1 35.
Kxf1 Nc4 36. Kg1 Qh3 37. Qe2 Ne5 38. Nd4 Ng4 39. f3 exf3 40. Nxf3 Re8 41. Rd3
Qh6 42. Re1 Re7 43. Bb2 Rec7 44. Rc1 Re7 1/2-1/2

[Event "DVM U16 2014"]
[Site "Magdeburg GER"]
[Date "2014.12.29"]
[Round "5"]
[White "Hartge, Gedeon"]
[Black "Niesel, Tobias"]
[Result "1/2-1/2"]
[Termination "normal"]
[Board "6.3"]
[WhiteElo "1889"]
[BlackElo "1806"]
[WhiteTeam "USV Halle"]
[BlackTeam "SG Porz"]
[PlyCount "87"]
[WhiteFideId "12932116"]
[BlackFideId "12962155"]
[EventCountry "GER"]
[EventRounds "7"]
[EventType "team-swiss"]
[EventDate "2014.12.26"]

1. d4 Nf6 2. c4 c5 3. d5 e5 4. Nc3 d6 5. e4 Be7 6. g3 Nbd7 7. Bg2 Nf8 8. Nge2
Bd7 9. a4 Qc8 10. O-O h5 11. f4 exf4 12. Bxf4 Ng6 13. Qd2 Bh3 14. Rae1 Bxg2 15.
Kxg2 Qd7 16. Ng1 O-O-O 17. Nf3 h4 18. Ng5 hxg3 19. Bxg3 Nh5 20. Rf5 Nxg3 21.
hxg3 Ne5 22. Nf3 Nxf3 23. Kxf3 Rdf8 24. Qg2 g6 25. Rf4 f5 26. exf5 Bg5 27. Re6
Bxf4 28. gxf4 Rxf5 29. Nb5 Kb8 30. Rxd6 Qf7 31. Re6 Rxf4+ 32. Ke2 Re8 33. Rxe8+
Qxe8+ 34. Kd2 Qe5 35. Nc3 g5 36. Kc2 Rh4 37. Kb3 a6 38. Qf1 Rf4 39. Qg1 Qd4 40.
Qxg5 Qxc4+ 41. Ka3 Rf1 42. Qd8+ Ka7 43. Nb5+ axb5 44. Qa5+ 1/2-1/2

[Event "DVM U16 2014"]
[Site "Magdeburg GER"]
[Date "2014.12.29"]
[Round "5"]
[White "Yang, Daniel"]
[Black "Perekhozhuk, Maksym"]
[Result "0-1"]
[Termination "normal"]
[Board "6.4"]
[WhiteElo "1587"]
[BlackElo "1785"]
[WhiteTeam "SG Porz"]
[BlackTeam "USV Halle"]
[PlyCount "126"]
[WhiteFideId "12946273"]
[BlackFideId "12914860"]
[EventCountry "GER"]
[EventRounds "7"]
[EventType "team-swiss"]
[EventDate "2014.12.26"]

1. d4 Nf6 2. g3 g6 3. Bg2 Bg7 4. e4 d6 5. c4 c5 6. d5 b5 7. cxb5 a6 8. bxa6
Bxa6 9. Ne2 Nfd7 10. O-O Nb6 11. Nbc3 Nc4 12. Rb1 O-O 13. b3 Ne5 14. Bb2 Nd3
15. Na4 Nxb2 16. Nxb2 Bxe2 17. Qxe2 Rxa2 18. Rfd1 Qb6 19. Qc2 Qb7 20. Rd2 Rc8
21. Qd1 Bc3 22. Re2 Bxb2 23. Rbxb2 Rxb2 24. Rxb2 c4 25. Qc2 c3 26. Rb1 Na6 27.
Bf1 Nb4 28. Qc1 Qb6 29. Bc4 c2 30. Ra1 Qd4 31. Qe1 Nd3 32. Bxd3 Qxa1 33. Qxa1
c1=Q+ 34. Qxc1 Rxc1+ 35. Kg2 Rc3 36. Bc4 Kg7 37. Kf1 Kf6 38. Ke2 Ke5 39. Bd3
Rxb3 40. Ke3 f5 41. exf5 gxf5 42. Ke2 h6 43. f4+ Kxd5 44. Bxf5 Rb2+ 45. Kd3
Rxh2 46. Be4+ Ke6 47. Kd4 Rd2+ 48. Ke3 Rd1 49. Ke2 Ra1 50. g4 Kf6 51. Ke3 Ra3+
52. Kf2 e6 53. Ke2 d5 54. Bf3 Rb3 55. Kf2 d4 56. Be4 Re3 57. Bc2 e5 58. fxe5+
Kxe5 59. Bd1 Kf4 60. Be2 d3 61. Bd1 d2 62. Be2 Re5 63. Kf1 Kg3 0-1

[Event "DVM U16 2014"]
[Site "Magdeburg GER"]
[Date "2014.12.29"]
[Round "5"]
[White "Hammann, Jonas"]
[Black "Berezhnoy, Alex"]
[Result "1/2-1/2"]
[Termination "normal"]
[Board "7.1"]
[WhiteElo "1872"]
[BlackElo "1723"]
[WhiteTeam "Stader SV"]
[BlackTeam "VfSuF Düsseldorf-Süd"]
[PlyCount "99"]
[WhiteFideId "12930601"]
[BlackFideId "12918997"]
[EventCountry "GER"]
[EventRounds "7"]
[EventType "team-swiss"]
[EventDate "2014.12.26"]

1. d4 d5 2. Bf4 e6 3. e3 Nf6 4. Nd2 c5 5. c3 Nc6 6. Ngf3 a6 7. Bd3 Be7 8. Ne5
O-O 9. Qf3 cxd4 10. exd4 Nd7 11. Qh3 f5 12. g4 Ndxe5 13. dxe5 d4 14. gxf5 exf5
15. Rg1 dxc3 16. bxc3 Kh8 17. Qg3 g6 18. Nc4 b5 19. Nd6 Bxd6 20. exd6 Qf6 21.
Kd2 Bd7 22. Rge1 Rae8 23. Bc2 Be6 24. Bb3 Bc4 25. Bxc4 bxc4 26. Rab1 Qf7 27.
Qf3 Re4 28. Kc2 Qd5 29. Red1 Qa5 30. Rb2 Rfe8 31. d7 Rf8 32. Bh6 Rd8 33. Bg5
Rf8 34. Bh6 Rd8 35. Bg5 Rf8 36. Kb1 Nd8 37. Qg3 f4 38. Qh4 Qf5 39. Ka1 f3 40.
Qh6 Re2 41. Bxd8 Rxd8 42. Rbd2 Qe5 43. Rc1 Re1 44. Rdc2 Qe4 45. Rxe1 Qxe1+ 46.
Rc1 Qxf2 47. Qf4 Qb6 48. Qxf3 Qe6 49. Rd1 Kg7 50. Qf4 1/2-1/2

[Event "DVM U16 2014"]
[Site "Magdeburg GER"]
[Date "2014.12.29"]
[Round "5"]
[White "Chittka, Julius"]
[Black "Dittmann, Tobias"]
[Result "1/2-1/2"]
[Termination "normal"]
[Board "7.2"]
[WhiteElo "1962"]
[BlackElo "1773"]
[WhiteTeam "VfSuF Düsseldorf-Süd"]
[BlackTeam "Stader SV"]
[PlyCount "81"]
[WhiteFideId "12954772"]
[BlackFideId "12964360"]
[EventCountry "GER"]
[EventRounds "7"]
[EventType "team-swiss"]
[EventDate "2014.12.26"]

1. d4 d5 2. c4 e6 3. Nc3 Nf6 4. cxd5 exd5 5. Bg5 Be7 6. e3 c6 7. Bd3 Nbd7 8.
Qc2 Nh5 9. Bxe7 Qxe7 10. O-O-O g6 11. Kb1 Nb6 12. Nf3 Be6 13. Na4 Nxa4 14. Qxa4
Ng7 15. e4 dxe4 16. Bxe4 O-O 17. Rhe1 Qc7 18. Ne5 Rad8 19. f4 Bd5 20. g4 f5 21.
Bxd5+ Rxd5 22. g5 Qa5 23. Qb3 Qb6 24. Qc4 Qb5 25. Qc3 Rfd8 26. Nf3 c5 27. Rd2
Qa4 28. Re7 cxd4 29. Qc7 R5d7 30. Qe5 Rxe7 31. Qxe7 Qd7 32. Qxd7 Rxd7 33. Rxd4
Rxd4 34. Nxd4 Kf7 35. Kc2 Ne6 36. Nxe6 Kxe6 37. Kd3 Kd5 38. b4 a6 39. a4 b6 40.
h3 a5 41. b5 1/2-1/2

[Event "DVM U16 2014"]
[Site "Magdeburg GER"]
[Date "2014.12.29"]
[Round "5"]
[White "Kragge, Jan"]
[Black "Surguchov, Alexander"]
[Result "1-0"]
[Termination "normal"]
[Board "7.3"]
[WhiteElo "1800"]
[BlackElo "1748"]
[WhiteTeam "Stader SV"]
[BlackTeam "VfSuF Düsseldorf-Süd"]
[PlyCount "163"]
[WhiteFideId "12930415"]
[BlackFideId "1272035"]
[EventCountry "GER"]
[EventRounds "7"]
[EventType "team-swiss"]
[EventDate "2014.12.26"]

1. e4 e6 2. d4 d5 3. Nc3 Bb4 4. e5 c5 5. a3 Bxc3+ 6. bxc3 Qc7 7. Bd2 b6 8. Qg4
f5 9. Qh5+ g6 10. Qd1 Bd7 11. Nf3 h6 12. h4 Ba4 13. Ra2 Nc6 14. Bd3 c4 15. Be2
O-O-O 16. Nh2 Nge7 17. Qc1 Ng8 18. Be3 Rf8 19. Qd2 Qf7 20. g3 Qe7 21. Nf3 Qg7
22. Kd1 Nge7 23. Kc1 Nd8 24. Kb2 Nf7 25. Raa1 Rhg8 26. Rh2 Kc7 27. Rah1 Rb8 28.
Ka2 Nc6 29. Qc1 Rbf8 30. Bd2 Rb8 31. Kb2 Rbf8 32. Qg1 Kb7 33. Ne1 Kc7 34. Rg2
Qh7 35. g4 Ne7 36. Rh3 Kd7 37. Rhg3 Qh8 38. gxf5 gxf5 39. Bh5 Nd8 40. Bf4 a6
41. Nf3 Kc7 42. Rg7 Kd7 43. R2g3 Rxg7 44. Rxg7 Rg8 45. Rxg8 Nxg8 46. Qg6 Kc8
47. Ng1 Bd7 48. Ne2 Ba4 49. Nc1 Bd7 50. Na2 a5 51. Nc1 Ba4 52. Ne2 Bd7 53. Bf3
Ba4 54. Ng3 Kd7 55. Nh5 Ke7 56. Bxd5 exd5 57. Qxb6 Qh7 58. Qd6+ Ke8 59. Qxd5
Qb7+ 60. Qxb7 Nxb7 61. Ng7+ Kf7 62. Nxf5 Ke6 63. Ne3 Bc6 64. Nxc4 a4 65. Ne3 h5
66. c4 Be4 67. Kc3 Ne7 68. d5+ Kd7 69. Kb4 Nf5 70. Nxf5 Bxf5 71. c5 Nd8 72.
Kxa4 Bxc2+ 73. Kb5 Bd3+ 74. Kb6 Be4 75. c6+ Kc8 76. Kc5 Bf5 77. a4 Be4 78. a5
Bd3 79. e6 Nxe6+ 80. dxe6 Be4 81. a6 Bf3 82. a7 1-0

[Event "DVM U16 2014"]
[Site "Magdeburg GER"]
[Date "2014.12.29"]
[Round "5"]
[White "Schmitz, Fabian"]
[Black "Fragel, Max"]
[Result "1-0"]
[Termination "normal"]
[Board "7.4"]
[WhiteElo "1558"]
[BlackElo "1768"]
[WhiteTeam "VfSuF Düsseldorf-Süd"]
[BlackTeam "Stader SV"]
[PlyCount "69"]
[WhiteFideId "12965006"]
[BlackFideId "12914193"]
[EventCountry "GER"]
[EventRounds "7"]
[EventType "team-swiss"]
[EventDate "2014.12.26"]

1. e4 c6 2. Ne2 d5 3. e5 Qc7 4. d4 Bf5 5. Ng3 Bg6 6. h4 h6 7. h5 Bh7 8. e6 fxe6
9. f4 Nf6 10. Bd3 Bxd3 11. Qxd3 Nbd7 12. O-O O-O-O 13. Re1 e5 14. fxe5 Nh7 15.
Nd2 e6 16. Qg6 Ng5 17. Nb3 Be7 18. Bxg5 Bxg5 19. Qxe6 Rde8 20. Qg4 Kb8 21. Nf5
Nb6 22. Nd6 Re7 23. Nc5 Rf8 24. Qh3 Rg8 25. Ndxb7 Ka8 26. Nd6 Nd7 27. Nf5 Ree8
28. Nd6 Re7 29. Nxd7 Rxd7 30. c3 g6 31. Qe6 Rdd8 32. hxg6 Be7 33. Nf5 Bg5 34.
Qf7 Qb6 35. g7 1-0

[Event "DVM U16 2014"]
[Site "Magdeburg GER"]
[Date "2014.12.29"]
[Round "5"]
[White "Grieb, Lukas"]
[Black "Klein, Florian"]
[Result "1-0"]
[Termination "normal"]
[Board "8.2"]
[WhiteElo "1615"]
[BlackElo "1661"]
[WhiteTeam "SK Gau-Algesheim"]
[BlackTeam "SK Lehrte"]
[PlyCount "85"]
[WhiteFideId "1271993"]
[BlackFideId "12928810"]
[EventCountry "GER"]
[EventRounds "7"]
[EventType "team-swiss"]
[EventDate "2014.12.26"]

1. e4 c5 2. Nf3 Nc6 3. d4 cxd4 4. Nxd4 g6 5. Nc3 Bg7 6. Be3 Nf6 7. Be2 O-O 8.
Qd2 e6 9. f4 Nxd4 10. Bxd4 d5 11. e5 Ne4 12. Nxe4 dxe4 13. O-O-O b6 14. Qe3 Qd5
15. Kb1 Qc6 16. h4 Bb7 17. h5 Rac8 18. c3 Rc7 19. h6 Bh8 20. g4 f5 21. exf6
Bxf6 22. Bxf6 Rxf6 23. Rd8+ Rf8 24. Rhd1 Rcf7 25. Qd4 Qc7 26. Bc4 Bc8 27. f5
Rxd8 28. Qxd8+ Qxd8 29. Rxd8+ Rf8 30. Rxc8 Rxc8 31. Bxe6+ Kf8 32. Bxc8 Kf7 33.
fxg6+ Kxg6 34. Bf5+ Kxh6 35. Bxe4 Kg5 36. Bf3 Kf4 37. Bd1 h6 38. Kc2 Ke3 39. a4
Ke4 40. Kd2 a6 41. b4 a5 42. bxa5 bxa5 43. Be2 1-0

[Event "DVM U16 2014"]
[Site "Magdeburg GER"]
[Date "2014.12.29"]
[Round "5"]
[White "Koepp, Jan"]
[Black "Erlekam, Simon"]
[Result "1-0"]
[Termination "normal"]
[Board "8.3"]
[WhiteElo "1581"]
[BlackElo "1846"]
[WhiteTeam "SK Lehrte"]
[BlackTeam "SK Gau-Algesheim"]
[PlyCount "43"]
[WhiteFideId "12965090"]
[BlackFideId "12921416"]
[EventCountry "GER"]
[EventRounds "7"]
[EventType "team-swiss"]
[EventDate "2014.12.26"]

1. e4 c5 2. Nf3 Nc6 3. Nc3 Nf6 4. d4 cxd4 5. Nxd4 e5 6. Nxc6 bxc6 7. Bg5 Bc5 8.
Bc4 O-O 9. O-O Bb7 10. Kh1 Be7 11. f3 Rc8 12. Qd3 Qc7 13. Qe3 Rfd8 14. Qxa7 d5
15. Ba6 Bxa6 16. Qxa6 Rb8 17. b3 Bb4 18. Na4 Rb5 19. a3 Ba5 20. exd5 Rbxd5 21.
b4 Rb5 22. c4 1-0

[Event "DVM U16 2014"]
[Site "Magdeburg GER"]
[Date "2014.12.29"]
[Round "5"]
[White "Jusman, Jesse Samuel"]
[Black "Stelmaszyk, Nico"]
[Result "0-1"]
[Termination "normal"]
[Board "8.4"]
[WhiteElo "1253"]
[BlackElo "1504"]
[WhiteTeam "SK Gau-Algesheim"]
[BlackTeam "SK Lehrte"]
[PlyCount "102"]
[WhiteFideId "12926043"]
[BlackFideId "16200462"]
[EventCountry "GER"]
[EventRounds "7"]
[EventType "team-swiss"]
[EventDate "2014.12.26"]

1. e4 e5 2. Nf3 Nf6 3. Nc3 Nc6 4. Bc4 Bc5 5. d3 h6 6. O-O d6 7. h3 O-O 8. Na4
Bb6 9. a3 Be6 10. Bxe6 fxe6 11. Nh4 Nxe4 12. Nxb6 axb6 13. Qg4 Ng5 14. Bxg5
Qxg5 15. Qxe6+ Rf7 16. Nf3 Qe7 17. Qxe7 Rxe7 18. Rae1 Rae8 19. Nd2 d5 20. f3 b5
21. Kf2 b4 22. a4 Nd4 23. c3 bxc3 24. bxc3 Nf5 25. Re2 Nd6 26. Rfe1 b5 27. a5
Nb7 28. Nb3 c5 29. a6 c4 30. axb7 cxb3 31. b8=Q Rxb8 32. Rxe5 Rxe5 33. Rxe5 b2
34. Re1 b4 35. c4 dxc4 36. dxc4 Rc8 37. Rb1 Rxc4 38. Rxb2 Kf7 39. Ke3 Ke6 40.
Kd3 Kd5 41. Rb3 Kc5 42. Kd2 Kb5 43. Kd3 Rc7 44. Rb1 Rc3+ 45. Kd4 Rc8 46. Kd3
Ka4 47. Kd2 Rc7 48. Rc1 Rxc1 49. Kxc1 Kb3 50. Kb1 Kc3 51. g4 g5 0-1

[Event "DVM U16 2014"]
[Site "Magdeburg GER"]
[Date "2014.12.29"]
[Round "5"]
[White "Wiesner, Alexander"]
[Black "Feyer, Leon"]
[Result "0-1"]
[Termination "normal"]
[Board "9.2"]
[WhiteElo "1799"]
[BlackElo "1824"]
[WhiteTeam "Karlsruher SF 1853"]
[BlackTeam "SV Empor Berlin"]
[PlyCount "104"]
[WhiteFideId "12943991"]
[BlackFideId "12957240"]
[EventCountry "GER"]
[EventRounds "7"]
[EventType "team-swiss"]
[EventDate "2014.12.26"]

1. b3 d5 2. f4 Nf6 3. e3 g6 4. Bb2 Bg7 5. Nf3 c5 6. Bb5+ Bd7 7. Bxd7+ Qxd7 8.
O-O O-O 9. Qe2 Nc6 10. d3 Qc7 11. Nbd2 Rad8 12. Ne5 Nd7 13. Nxd7 Qxd7 14. Bxg7
Kxg7 15. a4 a6 16. Rf3 Qe6 17. Qf2 f5 18. Re1 Qf6 19. Nf1 Qc3 20. Qd2 Qxd2 21.
Nxd2 Nb4 22. Rc1 b5 23. axb5 axb5 24. Rf2 e6 25. Nf3 Ra8 26. Ne5 Na2 27. Re1
Nc3 28. Nd7 Rf7 29. Nxc5 Kf6 30. g3 Rc7 31. d4 Ra2 32. Kg2 Ne4 33. Nxe4+ dxe4
34. Ree2 Rc3 35. h3 h5 36. h4 Ke7 37. Kf1 Ra1+ 38. Kg2 Rc1 39. Rf1 R1xc2 40.
Rxc2 Rxc2+ 41. Rf2 Rc3 42. Re2 Rxb3 43. Kf2 b4 44. Ra2 Kd6 45. Rc2 Rc3 46. Rb2
b3 47. Ke2 Kd5 48. Kd2 Kc4 49. Rb1 Rc2+ 50. Kd1 Kc3 51. Ke1 b2 52. Kd1 Kb3 0-1